000 01076nmc a2200361 a 4500
003 AR-BaBNM
005 20251128204553.0
008 011101s1977 ||||||||||||||000 | spa||
020 _a84-281-0268-6
040 _cAR-BaBNM
100 1 _aBeard, Ruth M.
245 1 0 _aPedagogía y didáctica de la enseñanza universitaria
260 _aBarcelona
_bOikos-tau
_c1977
300 _a255 p.
_bcuadros, gráfs.
490 0 _aTratado de formación de profesores
_vv. 2
500 _aTraducción de Margarida Gratacòs
504 _aBibliografía: p.243-255
650 4 _aENSENANZA UNIVERSITARIA
650 4 _aPLAN DE ESTUDIOS
650 4 _aPSICOLOGIA DE LA EDUCACION
650 4 _aTEORIAS DEL APRENDIZAJE
650 4 _aPROCESOS PSICOPEDAGOGICOS
650 4 _aENSENANZA TECNICA
650 4 _aPROCESO DE APRENDIZAJE
650 4 _aEVALUACION DEL ALUMNO
650 4 _aEVALUACION DEL DOCENTE
650 4 _aTECNICAS DIDACTICAS
650 4 _aDINAMICA DE GRUPO
650 4 _aCLASES MAGISTRALES
653 _aEDUCACION SUPERIOR
942 _cBK
998 _cEthel
999 _c7962
_d7962